000 004620000a22001810004500
001 002823
003 MACL
005 20150705134819.0
008 150705b xxu||||| |||| 00| 0 eng d
040 _aMACL
_cMACL
041 _aEnglish
100 _aJackson, Elizabeth
_9832
245 _aIllustrated Dictionary Of Culture
_cElizabeth Jackson
260 _aLotus Press,
_c2006
_bNew Delhi
350 _a95
650 _aSocial Science
_929
942 _k306
_cBK
_2ddc
999 _c14731
_d14731